[Event "Karl Mala Memorial op 10th"]
[Site "Griesheim"]
[Date "2006.07.23"]
[Round "7"]
[White "Steblin, Daniel"]
[Black "Knecht, Raphael"]
[Result "1-0"]
[WhiteElo "1280"]
[BlackElo "1606"]
[PlyCount "31"]
[EventDate "2006.07.20"]
[EventType "swiss"]
[EventRounds "7"]
[EventCountry "GER"]
[SourceTitle "CBM 113 Extra"]
[Source "ChessBase"]
[SourceDate "2006.09.14"]
[SourceVersion "1"]
[SourceVersionDate "2006.09.14"]
[SourceQuality "1"]

1. e4 e5 2. f4 exf4 3. Nf3 d6 4. d4 Nc6 5. Bb5 Bd7 6. Bxf4 Nf6 7. Nc3 a6 8. Bc4 Bg4 9. 0-0 Nd7 10. Bxf7+ Kxf7 11. Ng5+ Kg8 12. Qxg4 Nxd4 13. Ne6 Nf6 14. Qh3 Ne2+ 15. Nxe2 Qe7 16. Bg5 1-0

[Event "Karl Mala Memorial op 10th"]
[Site "Griesheim"]
[Date "2006.07.22"]
[Round "4"]
[White "Knecht, Raphael"]
[Black "Ivanovic, Petar"]
[Result "0-1"]
[WhiteElo "1606"]
[BlackElo "1927"]
[PlyCount "76"]
[EventDate "2006.07.20"]
[EventType "swiss"]
[EventRounds "7"]
[EventCountry "GER"]
[SourceTitle "CBM 113 Extra"]
[Source "ChessBase"]
[SourceDate "2006.09.14"]
[SourceVersion "1"]
[SourceVersionDate "2006.09.14"]
[SourceQuality "1"]

1. e4 e6 2. Nc3 d5 3. Nf3 dxe4 4. Nxe4 Nd7 5. d4 Ngf6 6. Nxf6+ Nxf6 7. Be3 h6 8. Bd3 Bd6 9. 0-0 Bd7 10. Qd2 Bc6 11. Qe2 a6 12. Rfd1 Nd5 13. Be4 0-0 14. a3 Nxe3 15. Qxe3 Bxe4 16. Qxe4 c6 17. c4 Re8 18. Rd2 Qc7 19. Rad1 Rad8 20. Rd3 c5 21. dxc5 Bxc5 22. h3 Rxd3 23. Qxd3 a5 24. a4 Qb6 25. Rd2 Qb4 26. Qd7 Re7 27. Qc8+ Kh7 28. Rd8 Bb6 29. Rh8+ Kg6 30. Qg8 Qxb2 31. Nh4+ Kh5 32. Rxh6+ Kxh6 33. Qh8+ Kg5 34. Nf3+ Kg6 35. Nh4+ Kf6 36. Nf3 Qxf2+ 37. Kh1 Rd7 38. Qh4+ Qxh4 0-1

[Event "Karl Mala Memorial op 10th"]
[Site "Griesheim"]
[Date "2006.07.21"]
[Round "2"]
[White "Knecht, Raphael"]
[Black "Nikfar, Surag"]
[Result "0-1"]
[WhiteElo "1606"]
[BlackElo "2083"]
[PlyCount "50"]
[EventDate "2006.07.20"]
[EventType "swiss"]
[EventRounds "7"]
[EventCountry "GER"]
[SourceTitle "CBM 113 Extra"]
[Source "ChessBase"]
[SourceDate "2006.09.14"]
[SourceVersion "1"]
[SourceVersionDate "2006.09.14"]
[SourceQuality "1"]

1. e4 c5 2. Nc3 g6 3. g3 Bg7 4. Bg2 Nc6 5. d3 d6 6. Be3 Nf6 7. Qd2 a6 8. Nge2 Ng4 9. Bf4 e5 10. Be3 Nxe3 11. Qxe3 Nd4 12. Qc1 h5 13. Nxd4 cxd4 14. Ne2 h4 15. c3 dxc3 16. Nxc3 Be6 17. Qc2 Rc8 18. Qa4+ Rc6 19. Rc1 0-0 20. Ne2 Rxc1+ 21. Nxc1 h3 22. Bf3 d5 23. 0-0 Qf6 24. Qd1 Rc8 25. Qe2 Rc2 0-1

[Event "Karl Mala Memorial op 09th"]
[Site "Frankfurt"]
[Date "2005.07.29"]
[Round "2"]
[White "Knecht, Raphael"]
[Black "Kannenberg, Carl Friedrich"]
[Result "1/2-1/2"]
[WhiteElo "1400"]
[BlackElo "2015"]
[PlyCount "64"]
[EventDate "2005.07.28"]
[EventType "swiss"]
[EventRounds "7"]
[EventCountry "GER"]
[SourceTitle "EXT 2006"]
[Source "ChessBase"]
[SourceDate "2005.11.24"]
[SourceVersion "1"]
[SourceVersionDate "2005.11.24"]
[SourceQuality "1"]

1. e4 e5 2. Nf3 Nc6 3. Bb5 a6 4. Ba4 Nf6 5. 0-0 b5 6. Bb3 Be7 7. d3 d6 8. Nc3 Na5 9. Be3 Bb7 10. Qd2 Nxb3 11. axb3 c5 12. Ra2 0-0 13. Rfa1 Qd7 14. Bg5 Ng4 15. Bxe7 Qxe7 16. Qg5 Qxg5 17. Nxg5 h6 18. Nf3 f5 19. exf5 Rxf5 20. Nxb5 Rff8 21. Nxd6 Bxf3 22. gxf3 Rxf3 23. Ne4 Raf8 24. Rxa6 Nxf2 25. Nxf2 Rxf2 26. Rc1 Re2 27. Rc6 Rff2 28. Rxc5 Rg2+ 29. Kf1 Rxh2 30. b4 Rd2 31. Kg1 Rdg2+ 32. Kf1 Rf2+ 1/2-1/2

[Event "Karl Mala Memorial op 09th"]
[Site "Frankfurt"]
[Date "2005.07.29"]
[Round "3"]
[White "Kuhn, Alena"]
[Black "Knecht, Raphael"]
[Result "1-0"]
[WhiteElo "1937"]
[BlackElo "1400"]
[PlyCount "83"]
[EventDate "2005.07.28"]
[EventType "swiss"]
[EventRounds "7"]
[EventCountry "GER"]
[SourceTitle "EXT 2006"]
[Source "ChessBase"]
[SourceDate "2005.11.24"]
[SourceVersion "1"]
[SourceVersionDate "2005.11.24"]
[SourceQuality "1"]

1. f4 d5 2. g3 Nf6 3. Nf3 Bf5 4. Bg2 Nc6 5. 0-0 e6 6. d3 Bc5+ 7. Kh1 0-0 8. Qe1 Ng4 9. c3 d4 10. h3 Nf6 11. Nh4 Re8 12. Nd2 Nd5 13. Nb3 Bb6 14. Bd2 dxc3 15. bxc3 Be3 16. Rb1 Bxd2 17. Qxd2 b6 18. e4 Nxf4 19. Qxf4 g5 20. Qf3 Ne5 21. Qe2 Bxh3 22. Bxh3 gxh4 23. d4 Ng6 24. Qg4 hxg3 25. Qxg3 Qe7 26. Rb2 Kh8 27. Rh2 Rg8 28. e5 c5 29. Rf6 cxd4 30. cxd4 a5 31. Rhf2 Raf8 32. Nd2 Qc7 33. Ne4 Qc1+ 34. Rf1 Qc7 35. Nd6 Rg7 36. Bxe6 Qc6+ 37. Kh2 Qc2+ 38. R1f2 Qc1 39. Nxf7+ Rgxf7 40. Rxf7 Rxf7 41. Rxf7 Qd2+ 42. Qf2 1-0

[Event "Hessen-ch U14"]
[Site "Bad Homburg"]
[Date "2005.??.??"]
[Round "7"]
[White "Knecht, Raphael"]
[Black "De Visser, Leon"]
[Result "0-1"]
[WhiteElo "1446"]
[BlackElo "1453"]
[PlyCount "60"]
[EventDate "2005.04.??"]
[EventType "swiss"]
[EventRounds "8"]
[EventCountry "GER"]
[SourceTitle "EXT 2007"]
[Source "ChessBase"]
[SourceDate "2006.11.23"]
[SourceVersion "1"]
[SourceVersionDate "2006.11.23"]
[SourceQuality "1"]

1. e4 c6 2. d3 d5 3. exd5 cxd5 4. Nf3 Nc6 5. d4 Bg4 6. Be2 Nf6 7. Bg5 e6 8. c3 Be7 9. 0-0 0-0 10. Nbd2 Rc8 11. Re1 a6 12. a3 b5 13. Nh4 Bxe2 14. Qxe2 h6 15. Bxf6 Bxf6 16. Nhf3 Na5 17. Rac1 Nc4 18. Nxc4 bxc4 19. Rb1 Rb8 20. Ne5 Bxe5 21. Qxe5 Rb3 22. Re3 Qb8 23. Qh5 Rxb2 24. Rf1 Rb1 25. Rg3 Rxf1+ 26. Kxf1 Qb1+ 27. Ke2 Qc2+ 28. Kf1 Rb8 29. Rxg7+ Kxg7 30. Qe5+ Kh7 0-1

[Event "Hessen-ch U14"]
[Site "Bad Homburg"]
[Date "2005.??.??"]
[Round "5"]
[White "Knecht, Raphael"]
[Black "Langbein, Till"]
[Result "0-1"]
[WhiteElo "1446"]
[BlackElo "1216"]
[PlyCount "48"]
[EventDate "2005.04.??"]
[EventType "swiss"]
[EventRounds "8"]
[EventCountry "GER"]
[SourceTitle "EXT 2007"]
[Source "ChessBase"]
[SourceDate "2006.11.23"]
[SourceVersion "1"]
[SourceVersionDate "2006.11.23"]
[SourceQuality "1"]

1. e4 e5 2. Nf3 Nc6 3. Bb5 Nf6 4. d3 Bc5 5. 0-0 d6 6. c3 Bd7 7. Bg5 Ne7 8. Bxf6 gxf6 9. Bxd7+ Qxd7 10. d4 Bb6 11. Qc1 0-0-0 12. Rd1 Qg4 13. Rd3 Qxe4 14. Re3 Qf4 15. Nbd2 Nf5 16. Re4 Qh6 17. Qc2 Ne7 18. Rh4 Qg6 19. Qb3 Rhg8 20. g3 Nf5 21. Re4 Rde8 22. dxe5 fxe5 23. Qa4 Nxg3 24. hxg3 Qxg3+ 0-1

[Event "Karl Mala Memorial op 08th"]
[Site "Frankfurt"]
[Date "2004.07.22"]
[Round "1"]
[White "Rahn, Vincenzo"]
[Black "Knecht, Raphael"]
[Result "1-0"]
[WhiteElo "1740"]
[BlackElo "1119"]
[PlyCount "61"]
[EventDate "2004.07.22"]
[EventType "swiss"]
[EventRounds "7"]
[EventCountry "GER"]
[SourceTitle "EXT 2005"]
[Source "ChessBase"]
[SourceDate "2004.11.15"]
[SourceVersion "1"]
[SourceVersionDate "2004.11.15"]
[SourceQuality "1"]

1. c4 e5 2. g3 Nc6 3. Bg2 Nf6 4. Nc3 Bb4 5. e4 d6 6. Nge2 Be6 7. d3 0-0 8. 0-0 Ng4 9. h3 Nf6 10. Nd5 Bc5 11. Be3 Bxe3 12. Nxe3 Qd7 13. Kh2 a6 14. f4 exf4 15. Nxf4 b5 16. Nxe6 Qxe6 17. e5 dxe5 18. Nd5 Ra7 19. Qf3 Nd4 20. Nxf6+ Qxf6 21. Qxf6 gxf6 22. Rxf6 bxc4 23. dxc4 Nc2 24. Rd1 Ne3 25. Rd7 Nxc4 26. b3 Nd6 27. Rfxd6 f5 28. Bd5+ Kh8 29. Rh6 Rf7 30. Rxf7 f4 31. Rfxh7# 1-0